Doctrine of ultra vires in india / (Record no. 104813)

MARC details
000 -LEADER
fixed length control field 00610nam a22002057a 4500
005 - DATE AND TIME OF LATEST TRANSACTION
control field 20181205123421.0
010 ## - LCCN (DPL NO)
LC control number ENG-116691
020 ## - INTERNATIONAL STANDARD BOOK NUMBER
International Standard Book Number 9788184845211
Terms of availability 680.00
035 ## - SYSTEM CONTROL NUMBER
System control number EN-100223
037 ## - SOURCE OF ACQUISITION
Source of stock number/acquisition DBAD/PUB
082 ## - DEWEY DECIMAL CLASSIFICATION NUMBER
Classification number 349.54
100 ## - MAIN ENTRY--PERSONAL NAME
Personal name Thakur, Anupama
245 ## - TITLE STATEMENT
Title Doctrine of ultra vires in india /
Statement of responsibility, etc by Anupama Thakur [and] Sunil Deshta
260 ## - PUBLICATION, DISTRIBUTION, ETC. (IMPRINT)
Place of publication, distribution, etc New Delhi
Name of publisher, distributor, etc Regal Publications
Date of publication, distribution, etc 2016
270 ## - ADDRESS
Address F-159 Rajouri Garden
City New Delhi
Postal code 110027
300 ## - PHYSICAL DESCRIPTION
Extent xvii,130p.
Dimensions 23cm(Hb)
500 ## - GENERAL NOTE
General note Includes index
700 ## - ADDED ENTRY--PERSONAL NAME
Personal name Sunil,Deshta
942 ## - ADDED ENTRY ELEMENTS (KOHA)
Source of classification or shelving scheme Dewey Decimal Classification
Item type English Books
Classification part 349.54
Call number suffix THA
Holdings
Withdrawn status Lost status Not for loan Collection code Home library Current library Date acquired Source of acquisition Cost, normal purchase price Full call number Barcode Copy number Cost, replacement price Koha item type
    Not For Loan Non-fiction D.B.Act.Division D.B.Act.Division 29/11/2016 DBAD/PUB 680.00 349.54 THA EN-100223 1 680.00 English Books

© Delhi Public Library
Hit Counter
free hit counter